Manchester City - Transferts les plus chers - Statistiques

Statistiques générales
  • Ce quiz a été pris 105 fois
  • Le résultat moyen est 34 sur 50
Statistiques - réponses
Saison Pays Montant Provenance Réponse % Correct
21/22 Angleterre 117 M€ Aston Villa Jack Grealish
100%
24/25 Egypte 75 M€ Eintracht Francfort Omar Marmoush
100%
23/24 Croatie 90 M€ RB Leipzig Josko Gvardiol
99%
15/16 Belgique 76 M€ Wolfsburg Kevin De Bruyne
98%
17/18 Portugal 50 M€ AS Monaco Bernardo Silva
94%
10/11 Espagne 28 M€ Valence CF David Silva
94%
18/19 Algérie 67 M€ Leicester Riyad Mahrez
94%
20/21 Portugal 71 M€ Benfica Lisbonne Rúben Dias
93%
22/23 Norvège 60 M€ Borussia Dortmund Erling Haaland
92%
23/24 Belgique 60 M€ Rennes Jérémy Doku
92%
19/20 Espagne 70 M€ Atlético Madrid Rodri
92%
19/20 Portugal 65 M€ Juventus João Cancelo
87%
15/16 Angleterre 63 M€ Liverpool Raheem Sterling
84%
23/24 Croatie 29 M€ Chelsea Mateo Kovacic
79%
25/26 France 36 M€ Lyon Rayan Cherki
76%
17/18 Angleterre 52 M€ Tottenham Kyle Walker
74%
17/18 Espagne 65 M€ Athletic Bilbao Aymeric Laporte
73%
25/26 Italie 30 M€ PSG Gianluigi Donnarumma
72%
10/11 Côte d'Ivoire 30 M€ FC Barcelone Yaya Touré
72%
17/18 France 57 M€ AS Monaco Benjamin Mendy
71%
20/21 Pays Bas 45 M€ Bournemouth Nathan Aké
70%
25/26 Pays Bas 54 M€ AC Milan Tijjani Reijnders
70%
25/26 Algérie 36 M€ Wolverhampton Rayan Aït-Nouri
69%
11/12 Argentine 40 M€ Atlético Madrid Sergio Agüero
69%
24/25 Ouzbékistan 40 M€ Lens Abdukodir Khusanov
67%
10/11 Bosnie 37 M€ Wolfsburg Edin Džeko
67%
16/17 Angleterre 55 M€ Everton John Stones
67%
24/25 Espagne 60 M€ FC Porto Nico González
65%
16/17 Allemagne 52 M€ FC Schalke 04 Leroy Sané
64%
11/12 France 27 M€ Arsenal Samir Nasri
62%
25/26 Ghana 72 M€ Bournemouth Antoine Semenyo
60%
16/17 Allemagne 27 M€ Borussia Dortmund İlkay Gündoğan
60%
17/18 Brésil 40 M€ Benfica Lisbonne Ederson
58%
13/14 Brésil 40 M€ Shakhtar Donetsk Fernandinho
58%
23/24 Angleterre 62 M€ Wolverhampton Matheus Nunes
58%
22/23 Angleterre 49 M€ Leeds Kalvin Phillips
57%
08/09 Brésil 43 M€ Real Madrid Robinho
53%
09/10 Argentine 29 M€ Manchester United Carlos Tevez
52%
09/10 Togo 29 M€ Arsenal Emmanuel Adebayor
51%
25/26 Angleterre 31 M€ Burnley James Trafford
51%
10/11 Italie 29 M€ Inter Milan Mario Balotelli
51%
20/21 Espagne 33 M€ Valence CF Ferran Torres
50%
16/17 Brésil 32 M€ Palmeiras Gabriel Jesus
49%
14/15 France 45 M€ FC Porto Eliaquim Mangala
48%
15/16 Argentine 44 M€ Valence CF Nicolás Otamendi
44%
14/15 Côte d'Ivoire 32 M€ Swansea Wilfried Bony
44%
17/18 Brésil 30 M€ Real Madrid Danilo
41%
24/25 Brésil 37 M€ Palmeiras Vitor Reis
37%
13/14 Monténégro 26 M€ Fiorentina Stevan Jovetić
33%
09/10 Angleterre 27 M€ Everton Joleon Lescott
14%
Aucun quiz correspondant
Distribution des résultats
% des personnes avec chaque résultat
Percentile par nombre de réponses
Votre historique - résultats
Vous n’avez pas pris ce quiz